[Event "SVK-chT2C 2122"]
[Site "Slovakia"]
[Date "2021.10.17"]
[Round "2.6"]
[White "Baricak, Juraj"]
[Black "Durian, Jozef"]
[Result "1-0"]
[WhiteElo "1698"]
[BlackElo "1775"]
[PlyCount "65"]
[EventDate "2021.10.16"]
[EventType "team-tourn"]
[EventRounds "11"]
[EventCountry "SVK"]
[SourceTitle "EXT 2023"]
[Source "ChessBase"]
[SourceDate "2022.10.05"]
[SourceVersion "1"]
[SourceVersionDate "2022.10.05"]
[SourceQuality "1"]
[WhiteTeam "Bziny"]
[BlackTeam "Rajecke Teplice"]
[WhiteTeamCountry "SVK"]
[BlackTeamCountry "SVK"]

1. e4 c5 2. Nf3 e6 3. Nc3 a6 4. d4 cxd4 5. Nxd4 Qc7 6. Be2 b5 7. 0-0 Bb7 8. Bf3 Nf6 9. Re1 d6 10. a3 Nbd7 11. Bg5 Be7 12. Bxf6 Bxf6 13. Ncxb5 axb5 14. Nxb5 Qb6 15. Nxd6+ Ke7 16. Nxb7 Ne5 17. Rb1 Qxb7 18. c4 Rab8 19. b3 Rhd8 20. Qc2 Nxf3+ 21. gxf3 Be5 22. b4 Qc7 23. c5 Bxh2+ 24. Kg2 Bf4 25. Red1 Qe5 26. a4 Qh5 27. Qc3 Qh2+ 28. Kf1 Bg3 29. c6 Qh1+ 30. Ke2 Qg2 31. Qc5+ Bd6 32. Rxd6 Rxd6 33. e5 1-0

[Event "SVK-chT2C 1718"]
[Site "Slovakia"]
[Date "2018.03.17"]
[Round "10.7"]
[White "Kolesar, Peter"]
[Black "Baricak, Juraj"]
[Result "1-0"]
[WhiteElo "2003"]
[BlackElo "1678"]
[PlyCount "47"]
[EventDate "2017.10.28"]
[EventType "team-tourn"]
[EventRounds "11"]
[EventCountry "SVK"]
[SourceTitle "EXT 2020"]
[Source "ChessBase"]
[SourceDate "2019.10.17"]
[SourceVersion "1"]
[SourceVersionDate "2019.10.17"]
[SourceQuality "1"]
[WhiteTeam "Zilina Mladost II"]
[BlackTeam "Bziny"]
[WhiteTeamCountry "SVK"]
[BlackTeamCountry "SVK"]

1. e4 c5 2. Nf3 d6 3. d4 cxd4 4. Nxd4 Nc6 5. Nc3 Nf6 6. f3 g6 7. Be3 Bg7 8. Qd2 Bd7 9. 0-0-0 a6 10. g4 b5 11. Kb1 0-0 12. h4 h5 13. gxh5 Nxh5 14. Nxc6 Bxc6 15. Bh3 b4 16. Nd5 Rb8 17. Bh6 Rb5 18. Bg4 Bxd5 19. exd5 Bc3 20. Qg2 Ng7 21. h5 Qa5 22. Bxg7 Rfb8 23. hxg6 Qa3 24. gxf7+ 1-0

[Event "Oravska Priehrada op"]
[Site "Namestovo"]
[Date "2017.08.27"]
[Round "6"]
[White "Baricak, Juraj"]
[Black "Valko, Michal"]
[Result "0-1"]
[WhiteElo "1760"]
[BlackElo "1433"]
[PlyCount "70"]
[EventDate "2017.08.25"]
[EventType "swiss"]
[EventRounds "7"]
[EventCountry "SVK"]
[SourceTitle "CBM 180 Extra"]
[Source "ChessBase"]
[SourceDate "2017.10.06"]
[SourceVersion "1"]
[SourceVersionDate "2017.10.06"]
[SourceQuality "1"]

1. e4 d5 2. exd5 Qxd5 3. Nc3 Qd6 4. d4 Nf6 5. Nf3 a6 6. Bc4 Bg4 7. h3 Bh5 8. Bg5 Nc6 9. Qd3 Nb4 10. Qe2 Bxf3 11. gxf3 0-0-0 12. Bxf7 Nbd5 13. Nxd5 Nxd5 14. 0-0-0 h6 15. Be6+ Kb8 16. Bh4 Nf4 17. Qe4 Nxe6 18. Bg3 Qd5 19. Qe3 Qg5 20. f4 Qd5 21. Rhe1 Nxd4 22. c3 Qxa2 23. Rxd4 Rxd4 24. cxd4 e5 25. fxe5 Qa1+ 26. Kc2 Qa4+ 27. Kb1 Bb4 28. Rc1 Be7 29. e6 Rc8 30. d5 Bg5 31. f4 Bf6 32. h4 Qb5 33. Qd2 Rd8 34. Rd1 Rxd5 35. Qxd5 Qxb2# 0-1

[Event "Oravska Priehrada op"]
[Site "Oravska Priehrada"]
[Date "2016.08.28"]
[Round "5"]
[White "Baricak, Juraj"]
[Black "Ambrozi, Peter"]
[Result "1/2-1/2"]
[WhiteElo "1797"]
[BlackElo "2096"]
[PlyCount "35"]
[EventDate "2016.08.26"]
[EventType "swiss"]
[EventRounds "7"]
[EventCountry "SVK"]
[SourceTitle "CBM 174 Extra"]
[Source "ChessBase"]
[SourceDate "2016.10.10"]
[SourceVersion "1"]
[SourceVersionDate "2016.10.10"]
[SourceQuality "1"]

1. e4 c5 2. Nf3 d6 3. Nc3 e5 4. Bc4 Be6 5. Bxe6 fxe6 6. d3 Be7 7. Be3 Nc6 8. 0-0 Nf6 9. Ng5 Qd7 10. a3 0-0 11. b4 b6 12. b5 Nd4 13. Bxd4 cxd4 14. Ne2 h6 15. Nh3 Qxb5 16. c4 dxc3 17. Nxc3 Qa5 18. Ne2 1/2-1/2

[Event "Oravska Priehrada op"]
[Site "Oravska Priehrada"]
[Date "2016.08.28"]
[Round "4"]
[White "Pniaczek, Marek"]
[Black "Baricak, Juraj"]
[Result "1-0"]
[WhiteElo "2022"]
[BlackElo "1797"]
[PlyCount "93"]
[EventDate "2016.08.26"]
[EventType "swiss"]
[EventRounds "7"]
[EventCountry "SVK"]
[SourceTitle "CBM 174 Extra"]
[Source "ChessBase"]
[SourceDate "2016.10.10"]
[SourceVersion "1"]
[SourceVersionDate "2016.10.10"]
[SourceQuality "1"]

1. e4 c5 2. Nf3 d6 3. d4 cxd4 4. Nxd4 Nc6 5. c4 Nf6 6. Nc3 g6 7. f3 Bg7 8. Be3 0-0 9. Qd2 Bd7 10. Be2 Rc8 11. Rc1 a6 12. 0-0 Ne5 13. b3 Ne8 14. Nc2 f5 15. Nd5 Nf6 16. Nxf6+ Rxf6 17. exf5 Bxf5 18. Rfd1 Kh8 19. Nb4 Qa5 20. Nd5 Qxd2 21. Rxd2 Rf7 22. Bf4 Be6 23. Nb6 Rc6 24. Be3 h5 25. Rcd1 Kh7 26. Nd5 Bh6 27. Bxh6 Kxh6 28. Nb4 Rc8 29. Nd3 Nd7 30. Kf2 g5 31. Ke3 Nf6 32. Nf2 Bf5 33. Bd3 Rc5 34. Bxf5 Rxf5 35. Rd4 Re5+ 36. Kd2 Nd7 37. Re1 Rxe1 38. Kxe1 a5 39. Rd5 b6 40. Ke2 Kg6 41. Ke3 Rf5 42. Kd4 e5+ 43. Ke3 Rf6 44. Ne4 Re6 45. Nxd6 Nc5 46. Ne4 Nb7 47. Rd7 1-0

[Event "Oravska Priehrada op"]
[Site "Oravska Priehrada"]
[Date "2016.08.26"]
[Round "1"]
[White "Baricak, Juraj"]
[Black "Grznar, Jakub"]
[Result "1-0"]
[WhiteElo "1797"]
[BlackElo "1412"]
[PlyCount "67"]
[EventDate "2016.08.26"]
[EventType "swiss"]
[EventRounds "7"]
[EventCountry "SVK"]
[SourceTitle "CBM 174 Extra"]
[Source "ChessBase"]
[SourceDate "2016.10.10"]
[SourceVersion "1"]
[SourceVersionDate "2016.10.10"]
[SourceQuality "1"]

1. e4 e5 2. Nf3 Nc6 3. d4 exd4 4. Nxd4 Nxd4 5. Qxd4 c6 6. Nc3 Nf6 7. e5 c5 8. Qh4 Ng8 9. Qe4 Ne7 10. Bg5 h6 11. Bh4 g5 12. Bg3 Bg7 13. h4 f5 14. exf6 Bxf6 15. Nd5 Qa5+ 16. c3 Rf8 17. Nc7+ Kd8 18. Nxa8 Bxc3+ 19. Kd1 b6 20. bxc3 d5 21. Qc2 Bf5 22. Qb3 d4 23. Qb5 Bc2+ 24. Kxc2 Qxc3+ 25. Kd1 Qxa1+ 26. Ke2 Qxa2+ 27. Kd3 Nd5 28. hxg5 Qa3+ 29. Kc4 a6 30. Qb3 b5+ 31. Kxd5 Qxb3+ 32. Kd6 hxg5 33. Be5 Rxf2 34. Rh8+ 1-0

[Event "EU Amateur-ch"]
[Site "Ruzomberok"]
[Date "2016.06.09"]
[Round "5"]
[White "Baricak, Juraj"]
[Black "Liska, Jaroslav"]
[Result "1/2-1/2"]
[WhiteElo "1796"]
[BlackElo "1904"]
[PlyCount "29"]
[EventDate "2016.06.06"]
[EventType "swiss"]
[EventRounds "9"]
[EventCountry "SVK"]
[SourceTitle "CBM 172 Extra"]
[Source "ChessBase"]
[SourceDate "2016.06.21"]
[SourceVersion "1"]
[SourceVersionDate "2016.06.21"]
[SourceQuality "1"]

1. e4 c5 2. Nf3 d6 3. d4 cxd4 4. Nxd4 Nf6 5. Nc3 g6 6. Be3 Bg7 7. Qd2 a6 8. Be2 Ng4 9. Bxg4 Bxg4 10. f3 Bd7 11. Bh6 0-0 12. h4 f6 13. h5 g5 14. Bxg7 Kxg7 15. f4 1/2-1/2